|
|
|
|
| LEADER |
00000cam a2200000 7i4500 |
| 001 |
0000003347 |
| 005 |
20050824.0 |
| 020 |
0 |
0 |
|a 983720270X
|
| 090 |
0 |
0 |
|a 158
|b DEB
|
| 100 |
1 |
0 |
|a De Bono, Edward, ,
|d 1933-
|
| 245 |
1 |
0 |
|a Buku panduan untuk revolusi positif
|c Edwad de Bono ; penterjemah Sherina
|
| 260 |
0 |
0 |
|a Kuala Lumpur :
|b Golden Books Centre, ,
|c 2000
|
| 300 |
|
|
|a xiv, 158ms. :
|b il. ;
|c 19cm.
|
| 500 |
0 |
0 |
|a Terjemahan dari: Handbook for the positive revolution
|
| 650 |
0 |
0 |
|a Interpersonal conflict
|
| 650 |
0 |
0 |
|a Self-realization (Psychology)
|x Social aspects
|
| 650 |
0 |
0 |
|a Social change
|x Psychological aspects
|
| 700 |
1 |
1 |
|a Sherina
|
| 999 |
|
|
|a 0000006326
|b Monograph
|c Open Shelf
|e Default branch
|